Online
Catalog

Su vida / (Record no. 43104)

MARC details
000 -CABECERA
campo de control de longitud fija 00776nam a2200229 a 4500
001 - NÚMERO DE CONTROL
campo de control 000043615
005 - FECHA Y HORA DE LA ÚLTIMA TRANSACCIÓN
campo de control 20201002044859.0
008 - DATOS DE LONGITUD FIJA--INFORMACIÓN GENERAL
campo de control de longitud fija 140331s1970 sp 000 0 spa d
040 ## - FUENTE DE LA CATALOGACIÓN
Centro catalogador/agencia de origen DO-SdBNP
Lengua de catalogación spa
Centro/agencia transcriptor BNPHU
082 ## - NÚMERO DE LA CLASIFICACIÓN DECIMAL DEWEY
Número de clasificación 922.22
Número de documento/Ítem D285s
100 1# - ENTRADA PRINCIPAL--NOMBRE DE PERSONA
Nombre de persona De Ávila, Santa
Fechas asociadas al nombre 1515-1582
9 (RLIN) 71427
245 10 - MENCIÓN DE TÍTULO
Título Su vida /
Mención de responsabilidad, etc. Santa Teresa de Jesús; prólogo Carlos Prieto García.
246 12 - FORMA VARIANTE DE TÍTULO
Título propio/Titulo breve Libro de su vida
260 ## - PUBLICACIÓN, DISTRIBUCIÓN, ETC.
Lugar de publicación, distribución, etc. Madrid :
Nombre del editor, distribuidor, etc. Libra,
Fecha de publicación, distribución, etc. 1970.
300 ## - DESCRIPCIÓN FÍSICA
Extensión 213 p. ;
Dimensiones 17 cm.
490 1# - MENCIÓN DE SERIE
Mención de serie Purpura
Designación de volumen o secuencia 9
600 14 - PUNTO DE ACCESO ADICIONAL DE MATERIA--NOMBRE DE PERSONA
Nombre de persona ÁVILA, TERESA DE,
Títulos y otros términos asociados al nombre SANTA
Fechas asociadas al nombre 1515-1582
Subdivisión general BIOGRAFÍAS
9 (RLIN) 71428
650 #4 - PUNTO DE ACCESO ADICIONAL DE MATERIA--TÉRMINO DE MATERIA
Término de materia o nombre geográfico como elemento de entrada Santos cristianos
Subdivisión geográfica España
-- Ávila
Subdivisión general Biografías
9 (RLIN) 71429
651 #4 - PUNTO DE ACCESO ADICIONAL DE MATERIA--NOMBRE GEOGRÁFICO
Nombre geográfico Ávila
Subdivisión geográfica España
Subdivisión general Biografías
9 (RLIN) 71430
700 12 - PUNTO DE ACCESO ADICIONAL--NOMBRE DE PERSONA
Nombre de persona Prieto García, Carlos
Término indicativo de función/relación prol.
9 (RLIN) 71431
830 #0 - PUNTO DE ACCESO ADICIONAL DE SERIE-TÍTULO UNIFORME
Título uniforme Purpura
Número de parte o sección de la obra 9
9 (RLIN) 71432
Holdings
Estado de retiro Estado de pérdida Restricciones de uso No para préstamo Código de colección Localización permanente Ubicación/localización actual Ubicación en estantería Fecha de adquisición Número de inventario Total de préstamos Signatura topográfica completa Código de barras Fecha visto por última vez Precio válido a partir de Tipo de ítem Koha
      Excluido de préstamo Monografías: Libros y Folletos General General En catalogación 31.03.2014 LF1   922.22 D285s 43615-10 25.06.2020 25.06.2020 No se presta

Powered by Koha